| 000 | 00788cab a2200241 4500 | ||
|---|---|---|---|
| 001 | ABS54112 | ||
| 008 | 090401t1995 xxu||||| |||| 00| 0 eng d | ||
| 035 | _a(Sirsi) u8607 | ||
| 041 | _aeng | ||
| 100 | _aMcArthur, A. | ||
| 245 | _aBeyond housing - the people for action initiative | ||
| 260 | _c1995 | ||
| 350 | _a0 | ||
| 490 |
_aLocal Economy _v10(3) November 1995, 278-284(4) |
||
| 520 | _aLooks at the PFA experiment originally launched in 1990 by two housing associations; the project aimed to involve housing associations in neighbourhood regeneration schemes. | ||
| 650 | _aHOUSING ASSOCIATIONS | ||
| 650 | _aNEIGHBOURHOOD REGENERATION | ||
| 650 | _aPEOPLE FOR ACTION INITIATIVE | ||
| 690 | _aHOUSING | ||
| 690 | _aURBAN RENEWAL | ||
| 942 | _n0 | ||
| 948 | _c04/03/1997 | ||
| 999 |
_c5329 _d5329 |
||